Random Info (KED) Quiz Stats

 Plays Quiz not verified by Sporcle

Support Sporcle.
Go Orange.
Score 0/33 Timer 05:00
0 Plays Today
Hint Answer % Correct
Name a country that begins with an 'E'Ecuador...
85.9%
What is the common name for 'Sodium Chloride'Salt
81.5%
What family of instruments do the violin and the viola belong to? String
81.5%
Name a Noble GasHelium...
80%
Name a US President that DIDN'T attend college?George Washington
78.5%
Name a country in Oceania other than AustraliaNew Zealand...
77%
What is the name of the MLB baseball team in Boston?Red Sox
76.3%
Name a country that begins with a 'Y.'Yemen
75.6%
What is the biggest species of whale?Blue
73.3%
Who is the lead singer of Aerosmith? Steven Tyler
69.6%
Who was the first winner of American Idol?Kelly Clarkson
68.9%
Name any of the room mates on Jersey Shore?Jenni...
68.9%
What is the name of the dog on the show 'Family Guy'Brian
68.1%
Name one of the four words in the English dictionary that nothing else rhymes with?Orange...
68.1%
What is the 2nd most populous city in the United States? Los Angeles
67.4%
How many TOTAL football players are there on a field at a time?22
66.7%
What is a group of lions called?Pride
64.4%
Hint Answer % Correct
Who played Batman in The Dark Knight?Christian Bale
63%
What is the common name for 'dihydrogen monoxide'Water
56.3%
What major stretch of land is constantly fought over in Israel?Gaza Strip
55.6%
What company developed the computer 'Watson' that competed on Jeopardy from 2/14 to 2/16 2011?IBM
49.6%
How many keys are on a grand piano?88
43%
Other than humans, what is the only other animal that has sex for pleasure?Dolphin
37.8%
What is the capital of New Zealand? Wellington
36.3%
The longest recorded flight of what bird is only 13 seconds?Chicken
34.1%
Translate 'Chaise' to English.Chair
32.6%
Who is the author of 'The Jungle'?Upton Sinclair
29.6%
Name the 9th President of the United States?William Henry Harrison
25.9%
Translate 'Fresa' to English.Strawberry
25.2%
When was 'D-Day?'June 6, 1944
20.7%
Who was President during the Spanish-American War?McKinley
18.5%
What island was Napoleon Bonaparte banished to AFTER the Battle of Waterloo?St. Helena
14.8%
What Aussie actor played Jake Sully in James Cameron's Avatar (2009)?Sam Worthington
14.1%

You're not logged in!

Compare scores with friends on all Sporcle quizzes.
OR
Log In

From the Vault

Famous Activists Slideshow

by jeffalarson

These people refused to back down when it came to their beliefs.
Remove Ads.
Support Sporcle.
Get the best of Sporcle when you Go Orange. This ad-free experience offers more features, more stats, and more fun while also helping to support Sporcle. Thank you for becoming a member.

Show Comments

Extras

Created May 27, 2011ReportNominate
Tags:Grab Bag Quiz, bag

Top Quizzes Today


Score Distribution

Your Account Isn't Verified!

In order to create a playlist on Sporcle, you need to verify the email address you used during registration. Go to your Sporcle Settings to finish the process.

Report this User

Report this user for behavior that violates our Community Guidelines.

Details: